000 00260nam a2200109Ia 4500
008 220204s9999 xx 000 0 und d
082 _a82-3
_bLOR
100 _aLorrimer, Claire
245 2 _aA Voice in the dark
260 _aToronto
_bBantam
_c1977
942 _cBK
999 _c28479
_d28479